00524nam a22001817a 4500999001900000003000500019038001100024082001600035100002300051245002900074260004300103300001300146500001500159880003200174880003000206942001200236952009400248 c523997d523997NUST awaseem a891.42bRAN aRana, Aslam914826 aNook Palak /cAslam Rana aLahore :bPolimar Publication, c1986. a192 p. ; aPaperback. 6100-02\raاسلم رانا 6245-02\raنوک پلک / 2ddccBK 00102ddc4070aCLbCLd2019-06-14l0o891.42 RANpCL-E-1724r2019-06-14w2019-06-14yBK